Revista Debate

Bibliographic Details
Format: eBook
Language:Spanish
Published: Panam ̀: Asamblea Nacional de Panam,̀ 2007
Subjects:
Online Access:Acceso restringo

MARC

LEADER 00000nam a22000007a 4500
005 20120906160117.0
007 cr|||| ||||
008 120906s20079999pn |||| s||||f0||| 1spa d
035 |a 6651 
040 |a vLex 
090 |c 3384  |d 3384 
245 0 0 |a Revista Debate  |h [Recurso electrn̤ico]  
256 |a Servicio en ln̕ea 
260 |a Panam ̀:  |b Asamblea Nacional de Panam,̀  |c 2007 
300 |a 1 recurso electrn̤ico 
310 |a Bimensual 
362 |a Nm︢. 1 (2007) - 
506 1 |a Contenido solo disponible en los productos indicados  |d vLex Global   |d vLex Global (Academic Edition, excluding Law Schools)   |d vLex Global (U.S. Academic Edition, Law Schools)   |d vLex Global (U.S. Academic Edition, excluding Law Schools)   |d vLex Global (Academic Edition, Law Schools)  
610 |a Panam.̀  |b Asamblea nacional 
650 0 4 |a Gobierno parlamentario  |z Panama 
740 0 |a vLex Revistas (Servicio en ln̕ea) 
856 |u http://vlex.com/source/revista-debate-6651  |z Acceso restringo 
942 |c REV 
999 0 |a Cabinet system